CPD Programme : Measuring The Performance of Purpose Built Office Space in The Klang Valley, pada 11/12/1998 di Dewan Kuliah INSPEN [
| Format: | Book |
|---|---|
| Published: |
Bangi :
INSPEN ,
1998
|
| Subjects: |
MARC
| LEADER | 00000cam a2200000 7i4500 | ||
|---|---|---|---|
| 001 | 0000019291 | ||
| 005 | 20070531.0 | ||
| 040 | |a INS | ||
| 090 | 0 | 0 | |a TX955 1998 |
| 245 | 0 | 0 | |a CPD Programme : |b Measuring The Performance of Purpose Built Office Space in The Klang Valley, pada 11/12/1998 di Dewan Kuliah INSPEN [ |h video disc] |
| 260 | |a Bangi : |b INSPEN , |c 1998 | ||
| 300 | |a 1 videodisc (127 min.) : |b sd.,col. ; |c 3/4 in. | ||
| 650 | 0 | 0 | |a Office building |
| 999 | |a VCD0000905 |b VIDEO CD |c Media Collection |e Default branch | ||